000 00655nam a2200205 a 4500
005 20220607063614.0
008 060428s2000 mx r 000 0 spa d
020 _a950490680X
035 _aUPN01000144035
049 _aCG
050 4 _aPR6005 H6.6
_bM5.7
100 1 _aChristie, Agatha,
_d1890-1976
_928955
245 1 3 _aEl misterio de las siete esferas /
_cAgatha Christie ; tr. Carlos Paytuví de Sierra.
260 _aBuenos Aires :
_bPlaneta,
_c2000.
300 _a207 p.
534 _pTraducción de:
_tThe seven dials mistery
650 2 _aNovela policiaca y de misterio
_98409
650 4 _aASESINATO EN LA LITERATURA
_92194
905 _aLibro
999 _c116182
_d116182